[Event "Mecklenburg VP-ch U16"]
[Site "Malchow"]
[Date "2011.02.06"]
[Round "3.5"]
[White "Dao Xuan, Duong"]
[Black "Moews, Fabian"]
[Result "1/2-1/2"]
[WhiteElo "1584"]
[BlackElo "1318"]
[PlyCount "85"]
[EventDate "2011.02.05"]
[EventType "swiss"]
[EventRounds "7"]
[EventCountry "GER"]
[SourceTitle "EXT 2022"]
[Source "ChessBase"]
[SourceDate "2021.10.06"]
[SourceVersion "1"]
[SourceVersionDate "2021.10.06"]
[SourceQuality "1"]

1. e4 e5 2. Nf3 Nc6 3. Bc4 Nf6 4. d3 Bc5 5. 0-0 d6 6. Bg5 Na5 7. Bb3 Nxb3 8. axb3 h6 9. Be3 Bxe3 10. fxe3 Bg4 11. Nc3 Qd7 12. Qd2 0-0 13. h3 Be6 14. Nh4 Ne8 15. Rf2 g6 16. Raf1 Ng7 17. Nd5 Bxd5 18. exd5 Kh7 19. e4 f5 20. Kh2 Rf6 21. c4 Raf8 22. g3 g5 23. Nxf5 Nxf5 24. g4 Ng3 25. Kxg3 Rxf2 26. Rxf2 Rf4 27. d4 Rxf2 28. Qxf2 Qe7 29. Qf5+ Kg7 30. dxe5 Qxe5+ 31. Qxe5+ dxe5 32. c5 Kf7 33. h4 Ke7 34. hxg5 hxg5 35. Kf3 a6 36. b4 Kd7 37. Ke3 Ke7 38. Kd3 Kd7 39. Kc4 b5+ 40. cxb6 cxb6 41. b5 a5 42. Kb3 Kd6 43. Kc4 1/2-1/2

[Event "Mecklenburg VP-ch U16"]
[Site "Malchow"]
[Date "2011.02.05"]
[Round "2.10"]
[White "Moews, Fabian"]
[Black "Ostrzinski, Jan"]
[Result "1-0"]
[WhiteElo "1318"]
[BlackElo "798"]
[PlyCount "61"]
[EventDate "2011.02.05"]
[EventType "swiss"]
[EventRounds "7"]
[EventCountry "GER"]
[SourceTitle "EXT 2022"]
[Source "ChessBase"]
[SourceDate "2021.10.06"]
[SourceVersion "1"]
[SourceVersionDate "2021.10.06"]
[SourceQuality "1"]

1. d4 d5 2. c4 dxc4 3. e3 b5 4. a4 c6 5. axb5 cxb5 6. Qf3 Bb7 7. Qxb7 Nd7 8. Qxb5 Ngf6 9. Qxc4 e6 10. Qd3 Nd5 11. Bd2 Bb4 12. Bxb4 Nxb4 13. Qd2 a5 14. Bb5 0-0 15. Bxd7 Qxd7 16. Nc3 Qc6 17. f3 Qc4 18. Rd1 a4 19. Nge2 Qb3 20. 0-0 a3 21. bxa3 Rxa3 22. Rb1 Qc4 23. Rfc1 Nd3 24. Rc2 g6 25. Ra2 Rxa2 26. Qxa2 Qxa2 27. Nxa2 e5 28. Rb3 Ne1 29. Rc3 exd4 30. exd4 Rb8 31. Kf1 1-0